000 00338nam a2200133Ia 4500
008 100328s9999 xx 000 0 und d
082 _b1901
100 _aCarlyie Thomas
245 _aThe French Revolution
260 _bCollins Clear-Type Press
630 _aThe French Revolution
730 _aThe French Revolution
942 _cBOOK
999 _c498146
_d498143